| 000 | 01968cam a22003375a 4500 | ||
|---|---|---|---|
| 003 | EG-ScBUE | ||
| 005 | 20220703113717.0 | ||
| 008 | 090708s2007 enka f 001 0 eng d | ||
| 020 | _a9780521685436 (pbk. : student's bk.) | ||
| 040 |
_aEG-ScBUE _beng _erda _cEG-ScBUE _dEG-ScBUE |
||
| 082 | 0 | 4 |
_a428.240246 _bFAB _222 |
| 100 | 1 |
_aFabré, Elena Marco, _eauthor. _914516 |
|
| 245 | 1 | 0 |
_aProfessional English in use : _bICT, _pIntermediate to advanced / _cElena Marco Fabré, Santiago Remacha Esteras. |
| 246 | 3 | 4 |
_aProfessional English in use ICT : _bfor computers and the internet |
| 246 | 3 | 0 | _aIntermediate to advanced |
| 264 | 1 |
_aCambridge : _bCambridge University Press, _c2007. |
|
| 300 |
_a118 pages : _billustrations ; _c25 cm |
||
| 336 |
_2rdacontent _atext _btxt |
||
| 337 |
_2rdamedia _aunmediated _bn |
||
| 338 |
_2rdacarrier _avolume _bnc |
||
| 500 | _aIncludes index. | ||
| 520 | _aProfessional English in Use ICT is suitable for intermediate to advanced level learners of English. The book covers a wide range of topics on Information Communications Technology including word processing, financial software and databases, multimedia applications, email, web design and Internet security. It presents and explains new words in context and shows learners how to use them. Primarily designed as a self-study reference and practice book, it can also be used to supplement classroom work. Easy to use and written in a clear style, this book will be invaluable for anyone needing to improve their ICT vocabulary for work, home or study. | ||
| 650 | 7 |
_aEnglish language _vTextbooks for foreign speakers. _2BUEsh |
|
| 650 | 7 |
_aEnglish language _xTechnical English _vProblems, exercises, etc. _2BUEsh |
|
| 650 | 7 |
_aEnglish language _xBusiness English _vProblems, exercises, etc. _2BUEsh |
|
| 651 | _2BUEsh | ||
| 653 |
_bHHUUEENN _cAugust2015 _cJuly2019 |
||
| 655 |
_vReading book _934232 |
||
| 700 | 1 |
_aRemacha Esteras, Santiago, _eauthor. _914517 |
|
| 942 |
_2ddc _cBB |
||
| 999 |
_c12307 _d12307 |
||